In grandma's attic / (Record no. 5929)

MARC details
000 -LEADER
fixed length control field 01213cam a2200337 i 4500
001 - CONTROL NUMBER
control field 5929
003 - CONTROL NUMBER IDENTIFIER
control field FISKH
005 - DATE AND TIME OF LATEST TRANSACTION
control field 20250207155257.0
008 - FIXED-LENGTH DATA ELEMENTS--GENERAL INFORMATION
fixed length control field 741101s1974 ilua c 001 1 eng
010 ## - LIBRARY OF CONGRESS CONTROL NUMBER
LC control number 74075541
020 ## - INTERNATIONAL STANDARD BOOK NUMBER
International Standard Book Number 9780781432689
040 ## - CATALOGING SOURCE
Original cataloging agency DLC
Transcribing agency DLC
Modifying agency DLC
Language of cataloging eng
042 ## - AUTHENTICATION CODE
Authentication code lcac
050 ## - LIBRARY OF CONGRESS CALL NUMBER
Classification number PZ7.R3942 I
082 ## - DEWEY DECIMAL CLASSIFICATION NUMBER
Classification number 813
100 1# - MAIN ENTRY--PERSONAL NAME
Personal name Richardson, Arleta
Dates associated with a name (1923–2004)
245 10 - TITLE STATEMENT
Title In grandma's attic /
Statement of responsibility, etc. Arleta Richardson ; illustrated by Dora Leder.
250 ## - EDITION STATEMENT
Edition statement This edition first published in 1999
260 ## - PUBLICATION, DISTRIBUTION, ETC.
Place of publication, distribution, etc. Eastbourne :
Name of publisher, distributor, etc. Chariot Victor Published ;
Date of publication, distribution, etc. 1974.
300 ## - PHYSICAL DESCRIPTION
Extent 138 pages :
Other physical details illustrations ;
Dimensions 18 cm.
505 ## - FORMATTED CONTENTS NOTE
Formatted contents note G<br/>
520 ## - SUMMARY, ETC.
Summary, etc. A collection of stories of life in the late nineteenth century, many reflecting the Christian faith of the author's family, including tales of pride in a new dress, a special apron for grandpa, and a little girl lost while asleep in her own bed.
521 8# - TARGET AUDIENCE NOTE
Target audience note 420<br/>
Source Lexile<br/>
521 8# - TARGET AUDIENCE NOTE
Target audience note G<br/>
Source Raz_Plus<br/>
650 #1 - SUBJECT ADDED ENTRY--TOPICAL TERM
Topical term or geographic name entry element Country life
Form subdivision Fiction.
650 #1 - SUBJECT ADDED ENTRY--TOPICAL TERM
Topical term or geographic name entry element Christian life
Form subdivision Fiction.
700 1# - ADDED ENTRY--PERSONAL NAME
Personal name Leder, Dora,
Relator term illustrator
906 ## - LOCAL DATA ELEMENT F, LDF (RLIN)
a 7
b cbc
c orignew
d 2
e opcn
f 19
g y-gencatlg
942 ## - ADDED ENTRY ELEMENTS (KOHA)
Source of classification or shelving scheme Dewey Decimal Classification
Koha item type Books
Suppress in OPAC No
Holdings
Withdrawn status Lost status Source of classification or shelving scheme Damaged status Not for loan Collection Home library Current library Shelving location Date acquired Total Checkouts Full call number Barcode Date last seen Date last checked out Copy number Price effective from Koha item type
    Dewey Decimal Classification     Juvenile Fiction Footprints International School Library Network Toul Kork Campus Footprints International School Library Network Toul Kork Campus TTP Primary Dark Blue Bookshelves 02/07/2025 1 RIC 813 PZ7.R3942 I 2025-0453 04/10/2025 04/03/2025 1 02/07/2025 Books